ბათუმის შოთა რუსთაველის სახელმწიფო უნივერსიტეტის ბიბლიოთეკა

მაინც ვრჩებით ბიჭებად : ლექსები / (ბიბ.ჩანაწერი № 57029)

000 -ლიდერი
ფიქსირებული სიგრძის საკონტროლო ველი 00745nam a22001817a 4500
003 - საკონტროლო ნომრის იდენტიფიკატორი
საკონტროლო ველი Ge_BSU
005 - ბოლო ოპერაციის თარიღი და დრო
საკონტროლო ველი 20191018162122.0
008 - ფიქსირებული სიგრძის მონაცემთა ელემენტები - ზოგადი ინფორმაცია
ფიქსირებული სიგრძის საკონტროლო ველი 191018s2017 ||||| |||| 00| 0 geo d
041 ## - ენის კოდი
Language code of text/sound track or separate title geo
080 ## - უნივერსალური ათობითი კლასიფიკაციის ინდექსი
Universal Decimal Classification number 821.353.1 ს-90
100 ## - მთავარი ჩანაწერი - პიროვნების სახელი
Personal name სტურუა, რეზო.
9 (RLIN) 70
245 ## - ცნობა სათაურის შესახებ
Title მაინც ვრჩებით ბიჭებად : ლექსები /
Statement of responsibility, etc რეზო სტურუა ; რედ : თემურ ჯაგოდნიშვილი.
264 ## - წარმოების, გამოცემის, დისტრიბუციის და სხვა ცნობები
გამოცემის, წარმოების, დისტრიბუციის... ადგილი თბილისი,
გამოცემის, წარმოების, დისტრიბუციის... თარიღი 2017.
300 ## - ფიზიკური აღწერა
Extent 140 გვ .:
Dimensions 15 სმ.
653 ## - INDEX TERM--UNCONTROLLED
Uncontrolled term ქართული პოეზია
700 ## - ADDED ENTRY--PERSONAL NAME
Personal name ჯაგოდნიშვილი, თემურ
Relator term რედაქტორი
9 (RLIN) 71
942 ## - ADDED ENTRY ELEMENTS (KOHA)
Source of classification or shelving scheme
Koha item type წიგნი
ეგზემპლარები
ჩამოწერის სტატუსი დაკარგული ეგზემპლარის სტატუსი კლასიფიკაციის წყარო ან თაროზე გაწყობის სქემა დაზიანების სტატუსი არ გაიცემა მუდმივი მდებარეობა (დაცვის ადგილი) ამჟამინდელი ადგილსამყოფელი თაროზე განთავსების ადგილი შეძენის თარიღი ღირებულება, შესყიდვის ნორმალური ფასი სრული შენახვის შიფრი შტრიხკოდი ბოლო ოპერაციის თარიღი ეგზემპლარის მიმდევრობითი ნომერი (კეტერი?) ფასის ძალაში შესვლის თარიღი ეგზემპლარის სახეობა საჯარო შენიშვნა Uniform Resource Identifier
          ბათუმის შოთა რუსთაველის სახელმწიფო უნივერსიტეტის მთავარი ბიბლიოთეკა ბათუმის შოთა რუსთაველის სახელმწიფო უნივერსიტეტის მთავარი ბიბლიოთეკა წიგნსაცავი 2019-10-18 4.00 821.353.1 ს-90 60144 2019-10-18 60144 2019-10-18 წიგნი 4.00  
          ბათუმის შოთა რუსთაველის სახელმწიფო უნივერსიტეტის მთავარი ბიბლიოთეკა ბათუმის შოთა რუსთაველის სახელმწიფო უნივერსიტეტის მთავარი ბიბლიოთეკა წიგნსაცავი 2025-01-31 4.00 821.353.1 ს-90 70523 2025-01-31 70523 2025-01-31 წიგნი 4.00 ნაჩუქარი